Những nội dung cơ bản của luật kinh tế

Tallennettuna:
Bibliografiset tiedot
Päätekijä: Nguyễn, Thái
Aineistotyyppi: Kirja
Kieli:Undetermined
Julkaistu: Hà Nội Thống kê 1998
Aiheet:
Tagit: Lisää tagi
Ei tageja, Lisää ensimmäinen tagi!
Thư viện lưu trữ: Trung tâm Học liệu Trường Đại học Cần Thơ
LEADER 00651nam a2200217Ia 4500
001 CTU_27381
008 210402s9999 xx 000 0 und d
020 |c 42000 
082 |a 346.59707 
082 |b Th103 
100 |a Nguyễn, Thái 
245 0 |a Những nội dung cơ bản của luật kinh tế 
245 0 |c Nguyễn Thái, Anh Minh, Nguyễn Trung 
260 |a Hà Nội 
260 |b Thống kê 
260 |c 1998 
650 |a Commercial law,economics 
650 |x Law and legislation 
650 |z Vietnam,Vietnam 
904 |i Nguyên sửa 
980 |a Trung tâm Học liệu Trường Đại học Cần Thơ